Don't Stay Lyrics - Statistics

General Stats
  • This quiz has been taken 6 times
  • The average score is 9 of 17
Answer Stats
Lyrics % Correct
{Don}'{t} {stay}
100%
Forget our {memories}, forget our {possibilities}
67%
Somehow I need you {to} {go}
67%
Sometimes I'm {in} {disbelief} I didn't know
67%
Sometimes I need you to {stay} {away} from me
67%
I don't need {one} {more} {day}
50%
I don't {need} {you} anymore
50%
I don't want to {be} {ignored}
50%
Just give me {myself} {back} and
50%
Of you {wasting} {me} away
50%
Somehow I need to {be} {alone}
50%
Sometimes I need to remember {just} {to} {breathe}
50%
Take all your {faithlessness} with you
50%
What you were {changing} {me} {into}
50%
Sometimes I feel like I {trusted} {you} too well
33%
Sometimes I just feel like {screaming} {at} {myself}
33%
(With no {apologies})
33%
No matching quizzes found
Score Distribution
Percent of People with Each Score
Percentile by Number Answered
Your Score History
You have not taken this quiz